| 000 | 00580nam a2200193 i 4500 | ||
|---|---|---|---|
| 001 | 101756 | ||
| 003 | ES-MaACL | ||
| 005 | 20250817115633.0 | ||
| 007 | t| | ||
| 008 | 051025s1965 sp ||||1| spa d | ||
| 100 | 1 |
_aMehnert, Klaus. _979819 |
|
| 245 | 1 | 0 |
_aPekin y Moscú / _cKlaus Mehnert; [traducción Francisco José Alcántara]. |
| 250 | _a[1ª ed.]. | ||
| 260 |
_aBarcelona : _bNoguer, _c1965. |
||
| 300 |
_a547 p. ; _c22 cm. |
||
| 700 | 1 |
_aAlcántara, Francisco José, _d1922-1999 _919493 |
|
| 852 |
_aES-MaACL _jC-27628 _bR.56887 |
||
| 999 |
_c101756 _d101756 |
||